| Registos Bibliográficos associados ao registo de autoridade |
|
Etiqueta de registo: 00593cam 02200217 04500 001 552377 003 http://id.bnportugal.gov.pt/bib/catbnp/552377 005 19990103000000.0 095 ## $aPTBN00757296 100 ## $a19950801d1966 m y0pory0103 ba 101 1# $apor 102 ## $aPT 200 1# $a A montanha de ouro$fKarl May$gtrad. de Ana Luísa Melo 205 ## $a1ª ed 210 #9 $aLisboa$cLivr. Bertrand,$d[D.L. 1966] 215 ## $a261 p.$cil.$d20 cm 225 2# $aHistórias$v47 304 ## $aTit. orig.: Winnetou 700 #1 $aMay,$bKarl,$cpseud.$389215 702 #1 $aMelo,$bAna Luísa$4730$3185792 801 #0 $aPT$bBN$gRPC 966 ## $lBN$mFGMON$sL. 57792 P.$x1 997 ## $aBIBEOD
Etiqueta de registo: 00653cam 02200229 04500 001 555646 003 http://id.bnportugal.gov.pt/bib/catbnp/555646 005 19990103000000.0 095 ## $aPTBN00760680 100 ## $a19950811d1966 m y0pory0103 ba 101 1# $apor 102 ## $aPT 200 1# $aDe Bagdade a Istambul$fKarl May$gtrad. de Rui da Silva Dias 210 #9 $a[Lisboa]$cPórtico,$d[D.L. 1966] 215 ## $a2 v.$d19 cm 225 2# $aSérie Aventura$v19$v20 304 ## $aTit. orig.: Von Bagdad nach Stambul 700 #1 $aMay,$bKarl,$cpseud.$389215 702 #1 $aDias,$bRui da Silva$4730$3144586 801 #0 $aPT$bBN$gRPC 930 ## $lBN$dL. 58047-48 P. 966 ## $lBN$mFGMON$sL. 58047 P.$x1 966 ## $lBN$mFGMON$sL. 58048 P.$x1 997 ## $aBIBEOD
Etiqueta de registo: 00616cam 02200217 04500 001 556771 003 http://id.bnportugal.gov.pt/bib/catbnp/556771 005 19990103000000.0 095 ## $aPTBN00763363 100 ## $a19950822d1966 m y0pory0103 ba 101 1# $apor 102 ## $aPT 200 1# $a O filho do caçador de ursos$fKarl May$gtrad. de José Ervedosa 205 ## $a2ª ed 210 #9 $a[Lisboa]$cPórtico,$d[D.L. 1966] 215 ## $a284, 1 p.$d19 cm 225 2# $aSérie aventura$v6 304 ## $aTit. orig.: Der sohn des bärenjäers 700 #1 $aMay,$bKarl,$cpseud.$389215 702 #1 $aErvedosa,$bJosé$4730$357254 801 #0 $aPT$bBN$gRPC 966 ## $lBN$mFGMON$sL. 58329 P.$x1 997 ## $aBIBEOD
Etiqueta de registo: 00607cam 02200217 04500 001 562400 003 http://id.bnportugal.gov.pt/bib/catbnp/562400 005 19990103000000.0 095 ## $aPTBN00769576 100 ## $a19950920d1965 m y0pory0103 ba 101 1# $apor 102 ## $aPT 200 1# $aCaçadores de homens$fKarl May$gtrad. Rui da Silva Dias 210 #9 $aLisboa$cPórtico,$d[D.L. 1965] 215 ## $a2 v.$d19 cm 225 2# $aSérie Aventura$v15$v16 700 #1 $aMay,$bKarl,$cpseud.$389215 702 #1 $aDias,$bRui da Silva$4730$3144586 801 #0 $aPT$bBN$gRPC 930 ## $lBN$dL. 57295-96 P. 966 ## $dV. 1$lBN$mFGMON$sL. 57295 P.$x1 966 ## $dV. 2$lBN$mFGMON$sL. 57296 P. 997 ## $aBIBEOD
Etiqueta de registo: 00591cam 022002051 04500 001 572856 003 http://id.bnportugal.gov.pt/bib/catbnp/572856 005 19990104000000.0 095 ## $aPTBN00781983 100 ## $a19951113d1969 em y0pory0103 ba 101 1# $apor$cger 102 ## $aPT 200 1# $aEm terra de malfeitores$fKarl May$gtrad. Rui da Silva Dias 210 #9 $aLisboa$cPórtico,$dD.L. 1969 215 ## $a172, 1 p.$d19 cm 225 2# $aSérie aventura$v23 304 ## $aTít. orig. : Durch das Land der Skipetaren 700 #1 $aMay,$bKarl,$cpseud.$389215 702 #1 $aDias,$bRui da Silva$4730$3144586 801 #0 $aPT$bBN$gRPC 966 ## $lBN$mFGMON$sL. 61783 P.$x1 997 ## $aBIBEOD
Etiqueta de registo: 00591cam 02200205 04500 001 579015 003 http://id.bnportugal.gov.pt/bib/catbnp/579015 005 19990104000000.0 095 ## $aPTBN00788198 100 ## $a19951220d1969 m y0pory0103 ba 101 1# $apor$cger 102 ## $aPT 200 1# $a A um passo da morte$fKarl May$gtrad. de Rui da Silva Dias 210 #9 $aLisboa$cPôrtico,$d[D.L. 1969] 215 ## $a194 p.$d19 cm 225 2# $aSérie aventura$v24 304 ## $aTít. orig.: Durch das land der skripetaren 700 #1 $aMay,$bKarl,$cpseud.$389215 702 #1 $aDias,$bRui da Silva$4730$3144586 801 #0 $aPT$bBN$gRPC 966 ## $lBN$mFGMON$sL. 62037 P.$x1 997 ## $aBIBEOD
Etiqueta de registo: 00604cam 22002171 450 001 615106 003 http://id.bnportugal.gov.pt/bib/catbnp/615106 005 19990105000000.0 095 ## $aPTBN00825724 100 ## $a19960819d1969 m y0pory0103 ba 101 1# $apor$cger 102 ## $aPT 106 ## $ar 200 1# $aNa torre da cilada$fKarl May$gtrad. Rui Neves da Silva Dias 210 #9 $a[Lisboa]$cPórtico,$d1969 215 ## $a175 p.$d19 cm 225 2# $aSérie aventuras$v24 304 ## $aTít. orig.: Durch das land der skipetaren 700 #1 $aMay,$bKarl,$cpseud.$389215 702 #1 $aDias,$bRui da Silva$4730$3144586 801 #0 $aPT$bBN$gRPC 966 ## $lBN$mFGMON$sL. 62731 P. 997 ## $aBIBEOD
Etiqueta de registo: 00677cam 022002291 04500 001 280193 003 http://id.bnportugal.gov.pt/bib/catbnp/280193 005 19981208224600.0 095 ## $aPTBN00291636 100 ## $a19850301d1975 m y0pora0103 ba 101 1# $apor$cspa 102 ## $aPT 200 1# $aEntre apaches e comanches$fKarl May$gtrad. de M. M. Galväo Teles 210 #9 $aAmadora$cBertrand,$d[D.L. 1975] 215 ## $a260, [1] p.$cil.$d20 cm 225 2# $aHistórias selecção$v59 304 ## $aTít. orig.: Entre apaches y comanches 675 ## $a830$vmed$zpor$3288124 700 #1 $aMay,$bKarl,$cpseud.$389215 702 #1 $aTeles,$bM. M. Galväo$4730$3253992 801 #0 $aPT$bBN$gRPC 966 ## $lBN$mFGMON$sL. 59547 P.$x1 966 ## $lBN$mFGMON$sL. 68742 P. 997 ## $aBIBEOD
Etiqueta de registo: 00606cam 22002291 450 001 404759 003 http://id.bnportugal.gov.pt/bib/catbnp/404759 005 19981231000000.0 095 ## $aPTBN00433067 100 ## $a19930306d1974 a y0pory0103 ba 101 1# $apor 102 ## $aPT 200 1# $a A montanha de ouro$fKarl May$gtrad. Ana Luísa Melo 210 #9 $aAmadora$cBertrand,$d1974 215 ## $a261 p.$cil.$d20 cm 225 2# $aHistórias$v47 304 ## $aTít. orig.: Winnetou 675 ## $a830$vmed$zpor$3288124 700 #1 $aMay,$bKarl,$cpseud.$389215 702 #1 $aMelo,$bAna Luísa$4730$3185792 801 #0 $aPT$bBN$gRPC 966 ## $lBN$mFGMON$sL. 67613 P. 997 ## $aBIBEOD 998 ## $aCR708-380
Etiqueta de registo: 00697cam 022002411 04500 001 211217 003 http://id.bnportugal.gov.pt/bib/catbnp/211217 005 20000410135500.0 095 ## $aPTBN00218854 100 ## $a19631101d1963 m y0pora0103 ba 101 1# $apor$cger 102 ## $aPT 200 1# $a O tesouro do Lago de Prata$fKarl May$gtrad. de José Ervedosa 210 #9 $aLisboa$cEd. Pórtico,$d[D.L. 1963] 215 ## $avol.$d19 cm 225 2# $aAventura$v4 304 ## $aTít. orig.: Der Schatz im Silbersee 327 0# $a1º vol.:202, [1] p., [1] f. e il. 675 ## $a830$vmed$zpor$3288124 700 #1 $aMay,$bKarl,$cpseud.$389215 702 #1 $aErvedosa,$bJosé$4730$357254 801 #0 $aPT$bBN$gRPC 966 ## $lBN$mFGMON$sC.G. 7633 P. 997 ## $aBIBEOD 998 ## $aCR534 - 00301
Etiqueta de registo: 00918cam 02200265 04500 001 946329 003 http://id.bnportugal.gov.pt/bib/catbnp/946329 005 19990616000000.0 095 ## $aPTBN00960694 100 ## $a19980218d1965 m y0pory0103 ba 101 1# $apor$ceng 102 ## $aPT 106 ## $ar 200 1# $a A revolta dos apaches$fKarl May 210 #9 $aLisboa$cPórtico,$d[D.L. 1965] 215 ## $a4 v.$d19 cm 225 2# $aAventura$v9, 11, 13, 14 304 ## $aTít. orig.: Winnetou 327 1# $a1º v. Old Shatterhand. - 283, [4] p.$a2º v. Nscho-tschi. - 266, [3] p.$a3º v. Old Firehand. - 211, [1] p.$a4º v. Winnetou. - 235, [1] p. 700 #1 $aMay,$bKarl,$cpseud.$389215 801 #0 $aPT$bBN$gRPC 930 ## $lBN$mAG$dC.G. 7669 P.$j4 v. 966 ## $d3Á v.$lBN$mFGMON$sC.G. 7669 P. 966 ## $d4Á v.$lBN$mFGMON$sC.G. 7669 P. 966 ## $d1Á v.$lBN$mFGMON$sC.G. 7669 P. 966 ## $d2Á v.$lBN$mFGMON$sC.G. 7669 P. 997 ## $aBIBEOD
Etiqueta de registo: 00656cam 02200229 04500 001 563314 003 http://id.bnportugal.gov.pt/bib/catbnp/563314 100 ## $a19990100d1966 m y0pory0103 ba 101 1# $apor$cger 102 ## $aPT 105 ## $ay z 000yy 106 ## $ar 200 1# $aAtravês do deserto$fKarl May$gtrad. José Ervedosa 210 #9 $aLisboa$cPórtico,$d[D.L. 1966] 215 ## $a2 v.$d19 cm 225 2# $aSerie aventura$v17, 18 304 ## $aTít. orig.: Durch die wüste 317 ## $aColeção Leandro de Moraes Sarmento$5PTBN: L.M.S. 838 327 11 $aV. 1, pt. 1 (265, [2] p.). - V. 2, pt. 2 (269, [2] p.) 606 ## $aLiteratura alemã$xRomance de aventuras$zSéc. 19$2SIPOR$31996761 675 ## $a821.112.2-31"18"$vBN$zpor$31020088 700 #1 $aMay,$bKarl,$cpseud.$389215 702 #1 $aErvedosa,$bJosé$4730$357254 801 #0 $aPT$bBN$gRPC 966 ## $dV. 1$lBN$mFGMON$sL. 57526 P. 966 ## $dV. 2$lBN$mFGMON$sL. 57527 P. 966 ## $dV. 1$lBN$mFGMON$pBiblioteca particular Leandro de Moraes Sarmento$sL.M.S. 838 $x3
Etiqueta de registo: 00620cam 02200217 04500 001 569035 003 http://id.bnportugal.gov.pt/bib/catbnp/569035 100 ## $a19990104d1967 dm y0pory0103 ba 101 1# $apor$cger 102 ## $aPT 105 ## $ay z 000yy 106 ## $ar 200 1# $aNos desfiladeiros dos balcãs$fKarl May$gtrad. de José Ervedosa 210 #9 $aLisboa$cPórtico,$d[D.L. 1967] 215 ## $a2 v.$d19 cm 225 2# $aSérie aventura$v21, 22 317 ## $aColeção Leandro de Moraes Sarmento$5PTBN: L.M.S. 839 327 11 $aV. 1, pt. 1 (253, [2] p.). - V. 2, pt. 2 (235, [2] p.) 606 ## $aLiteratura alemã$xRomance de aventuras$zSéc. 19$2SIPOR$31996761 675 ## $a821.112.2-31"18"$vBN$zpor$31020088 700 #1 $aMay,$bKarl,$cpseud.$389215 702 #1 $aErvedosa,$bJosé$4730$357254 801 #0 $aPT$bBN$gRPC 966 ## $dV. 1$lBN$mFGMON$sL. 59069 P.$x1 966 ## $dV. 2$lBN$mFGMON$sL. 59070 P.$x1 966 ## $dV. 2$lBN$mFGMON$pBiblioteca particular Leandro de Moraes Sarmento$sL.M.S. 839 $x3
|
|
|